000 00628nam a2200181Ia 4500
008 100921s9999 xx 000 0 und d
082 _b17334
_a808.068 थ 81
100 _aआपटे वा.शि.
245 _aवा चंद्रसेन वा !.
260 _bराजेश प्रकाशन,मुंबई.
_c1981
300 _a75
_b---
365 _b5
520 _aललित-बालवाङ्रमय.
630 _aवा चंद्रसेन वा !.
650 _aललित-बालवाङ्रमय.
730 _aवा चंद्रसेन वा !.
942 _cBOOK
999 _c766447
_d766444